• 首页
  • 本馆介绍
  • 公告通知
  • 最新文献
  • 馆藏检索
  • 电子资源
  • 读者导购
  • 参考咨询
  • 我的图书馆
  • 登录
  • 详细信息显示
  • 放入我的书架
  • 预约/预借图书
  • 作者相关作品
  • 分类相关作品
  • 丛书相关作品
  • 出版社相关作品

书目信息

  • 表格格式
  • 工作单格式
  • 卡片格式
题名:
大学核心英语词汇练习册
    
 
作者: 张彦斌 , 杨惠中 主编 ;陈碚利 编写
分册: 第二册  
出版信息: 北京   高等教育出版社  1987.05
页数: 168页
开本: 20cm
丛书名:
单 册:
中图分类: H31 , H313.1
科图分类:
主题词: 英语-词汇--高等学校--习题 , 词汇-英语--高等学校--习题
电子资源:
ISBN: 7-04-001871-3
000 01024nam0 2200289 45
001 0188019894
005 20061106090044.96
010    @a7-04-001871-3@dCNY1.20
020    @aCN@b88019894
100    @a19910417d1987 k y0chiy0120 ea
101 0  @aeng
102    @aCN@b110000
105    @ay z 000yy
106    @az
200 10 @a大学核心英语词汇练习册@Ada xue he xin ying yu ci hui lian xi ce@dCOLLEGE CORE ENGLISH:VOCABULARY WORKBOOK@zeng@h第二册@f杨惠中,张彦斌主编@Fyang hui zhong , zhang yan bin zhu bian@g陈碚利等编写@Gchen bei li deng bian xie
210    @a北京@c高等教育出版社@d1987.05
215    @a168页@d20cm
540 1  @a大学核心英语词汇练习册@Ada xue he xin ying yu ci hui lian xi ce
606    @a英语-词汇@x高等学校@x习题
606    @a词汇-英语@x高等学校@x习题
690    @aH31@v3
690    @aH313.1@v1980
701  0 @a张彦斌@Azhang yan bin@4主编
701  0 @a杨惠中@Ayang hui zhong@4主编
702  0 @a陈碚利@Achen bei li@4编写
801  0 @aCN@bTSSF@c20061106
905    @a10447@dH31@e308:2(2)
    
    大学核心英语词汇练习册=COLLEGE CORE ENGLISH:VOCABULARY WORKBOOK.第二册/杨惠中,张彦斌主编/陈碚利等编写.-北京:高等教育出版社,1987.05
    168页;20cm
    
    
    ISBN 7-04-001871-3:CNY1.20
    
●
相关链接 在E读中查询图书 在五车中查询图书 在当当中查询图书 在豆瓣中查询图书


正题名:大学核心英语词汇练习册     索取号:H31/308:2(2)         预约/预借

序号 登录号 条形码 馆藏地/架位号 状态 备注
1 0234531   202438889   密集书库/ [索取号:H31/308:2(2)] 在馆    
2 0234533   000943288   第二样本阅览室/ [索取号:H31/308:2(2)] 在馆    
唐山师范学院图书馆 欢迎您!
大连网信软件有限公司© 版权所有